Cooperation and Indian agriculture (Record no. 30824)

MARC details
000 -LEADER
fixed length control field 00325nam a2200121Ia 4500
082 ## - DEWEY DECIMAL CLASSIFICATION NUMBER
Classification number 338.436(540)
Item number YEG
100 ## - MAIN ENTRY--AUTHOR NAME
Personal name YEGNNANARAYAN AIYER, A K
245 #0 - TITLE STATEMENT
Title Cooperation and Indian agriculture
260 ## - PUBLICATION, DISTRIBUTION, ETC. (IMPRINT)
Place of publication Bombay
Name of publisher Asia PubHouse
Year of publication 1960
650 ## - SUBJECT ADDED ENTRY--TOPICAL TERM
Topical Term Cooperation
942 ## - ADDED ENTRY ELEMENTS (KOHA)
Koha item type Books
Holdings
Withdrawn status Lost status Damaged status Not for loan Home library Current library Date acquired Full call number Accession Number Koha item type
        RRII Library RRII Library 16/12/2021 338.436(540) YEG 11383 Books